Osobitosti účtovania v bankách Účtovanie operácií bánk s cennými papiermi

Operácie banky s cennými papiermi (CP), účtovanie nákladov, výnosov, pohľadávok a záväzkov z nich. Operácie banky s CP spojené so získavaním cudzích zdrojov banky. Operácie banky s CP spojené so získavaním jej vlastných zdrojov. Aktívne operácie banky s CP. Ostatné operácie banky s CP. Pokr. v budúc...

Descripción completa

Guardado en:
Detalles Bibliográficos
Autor principal: Petrjánošová, Božena
Formato: Capítulo de libro
Lenguaje:eslovaco
Materias:
Etiquetas: Agregar Etiqueta
Sin Etiquetas, Sea el primero en etiquetar este registro!

MARC

LEADER 00000naa a2200000 4500
001 r040101
005 20231002072948.7
041 0 |a slo 
044 |a SK 
245 1 0 |a Osobitosti účtovania v bankách  |b Účtovanie operácií bánk s cennými papiermi  |c Božena Petrjánošová 
520 |a Operácie banky s cennými papiermi (CP), účtovanie nákladov, výnosov, pohľadávok a záväzkov z nich. Operácie banky s CP spojené so získavaním cudzích zdrojov banky. Operácie banky s CP spojené so získavaním jej vlastných zdrojov. Aktívne operácie banky s CP. Ostatné operácie banky s CP. Pokr. v budúcom čísle. 
610 2 0 |a banky 
610 2 0 |a účtovanie 
610 2 0 |a účtovníctvo bankové 
610 2 0 |a papiere cenné 
610 2 0 |a náklady 
610 2 0 |a výnosy 
610 2 0 |a pohľadávky 
610 2 0 |a záväzky 
610 2 0 |a zdroje finančné cudzie 
610 2 0 |a zdroje finančné vlastné 
100 1 |a Petrjánošová, Božena